Voluntary arrangements (Record no. 102890)

MARC details
000 -LEADER
fixed length control field 01085cam a2200265 4500
008 - FIXED-LENGTH DATA ELEMENTS--GENERAL INFORMATION
fixed length control field 030617n2003 000 0 eng u
020 ## - INTERNATIONAL STANDARD BOOK NUMBER
International Standard Book Number 0406946000
035 ## - SYSTEM CONTROL NUMBER
System control number (Sirsi) u122633
041 ## - LANGUAGE CODE
Language code of text/sound track or separate title eng.
050 ## - LIBRARY OF CONGRESS CALL NUMBER
Classification number 346.41078
-- 18
100 ## - MAIN ENTRY--PERSONAL NAME
Personal name Bailey, Edward
245 ## - TITLE STATEMENT
Title Voluntary arrangements
260 ## - PUBLICATION, DISTRIBUTION, ETC.
Place of publication, distribution, etc. London
Name of publisher, distributor, etc. LexisNexis
Date of publication, distribution, etc. 2003
300 ## - PHYSICAL DESCRIPTION
Extent xl, 565p.
Other physical details ill.
Dimensions 25cm.
350 ## - PRICE (NR) (BK AM CF MU VM SE) [OBSOLETE]
Price 35
520 ## - SUMMARY, ETC.
Summary, etc. Offers a comprehensive explanation of the law relating to all aspects of Voluntary Arrangements, which form part of government's recent resolve to promote a 'rescue culture' in the UK economy. The text includes all the relevant statutory materials, together with forms and precedents for drafting Proposals and Terms of Arrangement, and for taking proceedings in connection with Voluntary Arrangements.
650 ## - SUBJECT ADDED ENTRY--TOPICAL TERM
Topical term or geographic name entry element INSOLVENCY ACT 2000
650 ## - SUBJECT ADDED ENTRY--TOPICAL TERM
Topical term or geographic name entry element INSOLVENCY LAW
650 ## - SUBJECT ADDED ENTRY--TOPICAL TERM
Topical term or geographic name entry element ENTERPRISE ACT 2002
650 ## - SUBJECT ADDED ENTRY--TOPICAL TERM
Topical term or geographic name entry element VOLUNTARY ARRANGEMENTS
650 ## - SUBJECT ADDED ENTRY--TOPICAL TERM
Topical term or geographic name entry element COMPANY VOLUNTARY ARRANGEMENTS
650 ## - SUBJECT ADDED ENTRY--TOPICAL TERM
Topical term or geographic name entry element PARTNERSHIP VOLUNTARY ARRANGEMENT
690 ## - LOCAL SUBJECT ADDED ENTRY--TOPICAL TERM (OCLC, RLIN)
Topical term or geographic name as entry element LAW
942 ## - ADDED ENTRY ELEMENTS (KOHA)
Suppress in OPAC 0
Holdings
Withdrawn status Lost status Source of classification or shelving scheme Damaged status Not for loan Home library Current library Shelving location Date acquired Total Checkouts Full call number Barcode Date last seen Date last checked out Copy number Price effective from Koha item type
    Dewey Decimal Classification     London London Books 17/06/2003 2 346.41078 BAI 30068540 06/08/2019 05/04/2007 1 06/08/2019 Book